Normal view
MARC view
- الحديدي,منى صبيحي
Entry Personal Name
001 - CONTROL NUMBER
- control field: 23164
003 - CONTROL NUMBER IDENTIFIER
- control field: JO-AjAnu
005 - DATE AND TIME OF LATEST TRANSACTION
- control field: 20230606074003.0
008 - FIXED-LENGTH DATA ELEMENTS
- fixed length control field: 230606|| aca||aabn | a|a d
040 ## - CATALOGING SOURCE
- Original cataloging agency: JO-AjAnu
- Transcribing agency: JO-AjAnu
100 ## - HEADING--PERSONAL NAME
- Personal name: الحديدي,منى صبيحي
670 ## - SOURCE DATA FOUND
- Source citation: Work cat.: (JO-AjAnu)11906: الحديدي,منى صبيحي , author, مقدمة الاعاقة البصرية